000 00734nam a22002177a 4500
003 SEM
005 20260625115139.0
008 260625m1966 ai ||||gr|||||01||||arm|d
040 _aSEM
_cSEM
041 _aarm
080 _a891.981/Ա-57
100 _aԱնանյան, Վախթանգ Ստեփանի
245 _aՈրսորդական պատմվածքներ /
_cՎ. Անանյան ; Խմբ.՝ Հ. Կարապետյան
260 _aԵրևան :
_bՀայաստան հրատ.,
_c1966.
300 _aՊրակ ;
_bնկ. ;
_c21 սմ
505 _aՊրակ VI -
_g1966.- 331 էջ
650 _aՀայ գրականություն
_xարձակ
653 _aՍԷՄ
700 _aԿարապետյան, Հ.
_eխմբ.
_4edt.
942 _2udc
_cBK
999 _c49646
_d49646